000 00519nam a2200193Ia 4500
005 20250423095625.0
008 250422s9999 xx 000 0 und d
020 _a9781138653337
050 _aPN 1995.2 .R66/
100 _aRosenstone, Robert A.
245 0 _aHistory on film-film on history
250 _a3rd. ed.
260 _aLondon
260 _bRoutledge
260 _c2023
300 _axxiii, 175p.:ill.
650 _aMotion pictures and history. Historical films--History and criticism.
942 _cBK
999 _c30835
_d30835